Statistics for Top 15 Least Populous Countries Ending in "IA"

Click here to take the quiz!

General Stats

  • This quiz has been taken 334 times
  • The average score is 9 of 15

Answer Stats

PopulationCountry% Correct
1,929,000Latvia
75%
2,810,000Lithuania
74%
2,066,000Slovenia
72%
1,352,000Estonia
71%
2,877,000Albania
67%
2,979,000Armenia
62%
4,154,000Croatia
62%
2,101,000Gambia
55%
104,600F.S. Micronesia
54%
3,718,000Georgia
54%
2,073,000Macedonia
52%
3,807,000Mauritania
52%
2,369,000Namibia
52%
178,800St Lucia
47%
3,192,000Mongolia
43%

Score Distribution

Percentile by Number Answered

Percent of People with Each Score

Your Score History

You have not taken this quiz